[Event "Bad Sooden-Allendorf Seniors op 14th"]
[White "Beyer, Hans Wilfried"]
[Black "Kirschner, Gerhard"]
[Site "Bad Sooden-Allendorf"]
[Round "7"]
[Result "1/2-1/2"]
[Date "2002.04.28"]
[WhiteElo "1450"]
[BlackElo "1425"]
[PlyCount "58"]
[EventDate "2002.04.??"]
[EventType "swiss"]
[EventRounds "9"]
[EventCountry "GER"]
[SourceTitle "EXT 2006"]
[Source "ChessBase"]
[SourceDate "2005.11.24"]
[SourceVersion "1"]
[SourceVersionDate "2005.11.24"]
[SourceQuality "1"]

1. e4 c5 2. Nf3 e6 3. d4 cxd4 4. Nxd4 a6 5. Bd3 b5 6. c3 Bb7 7. 0-0 Nc6 8. Be3 Nf6 9. Nd2 d5 10. exd5 Nxd5 11. Qe2 Nxe3 12. Qxe3 Be7 13. N4f3 0-0 14. Rad1 h6 15. Nb3 Qc7 16. Qe4 g6 17. Qe3 Kg7 18. Rfe1 Bd6 19. g3 Ne7 20. Be4 Bxe4 21. Qxe4 Nd5 22. Qd4+ Kh7 23. a3 Rac8 24. Re4 Rfd8 25. Qd2 Be7 26. Qe2 Nf6 27. Red4 Rxd4 28. Rxd4 Rd8 29. Rxd8 Bxd8 1/2-1/2

[Event "Bad Sooden-Allendorf Seniors op 14th"]
[White "Melzig, Ernst"]
[Black "Beyer, Hans Wilfried"]
[Site "Bad Sooden-Allendorf"]
[Round "6"]
[Result "1/2-1/2"]
[Date "2002.04.27"]
[WhiteElo "1384"]
[BlackElo "1450"]
[PlyCount "93"]
[EventDate "2002.04.??"]
[EventType "swiss"]
[EventRounds "9"]
[EventCountry "GER"]
[SourceTitle "EXT 2006"]
[Source "ChessBase"]
[SourceDate "2005.11.24"]
[SourceVersion "1"]
[SourceVersionDate "2005.11.24"]
[SourceQuality "1"]

1. b4 e5 2. Bb2 d6 3. e3 Nf6 4. Nf3 g6 5. c4 Bg7 6. Be2 0-0 7. 0-0 a6 8. d4 e4 9. Nfd2 c6 10. Nc3 d5 11. cxd5 cxd5 12. h3 Be6 13. f3 exf3 14. Bxf3 Qd6 15. b5 Nbd7 16. e4 Qg3 17. Qe1 Nxe4 18. Ncxe4 Qxe1 19. Rfxe1 dxe4 20. Bxe4 Rab8 21. a4 Nf6 22. Bf3 Bd5 23. Bxd5 Nxd5 24. Nf3 f6 25. Rac1 Rbc8 26. Rc5 Nf4 27. Rxc8 Rxc8 28. Kf1 Kf7 29. Rd1 Nd5 30. Kf2 Bh6 31. Ne1 Rc4 32. bxa6 bxa6 33. Rd3 Rxa4 34. Rb3 Rb4 35. Rxb4 Nxb4 36. Ba3 Nd5 37. Kf3 Bf8 38. Bb2 a5 39. Nd3 Bb4 40. Nc5 Bxc5 41. dxc5 a4 42. Ke4 Ke6 43. Kd4 Nb4 44. Kc4 Nc6 45. Kb5 Kd5 46. Kxa4 Kxc5 47. Bxf6 1/2-1/2

[Event "Bad Sooden-Allendorf Seniors op 14th"]
[White "Braeu, Emmi"]
[Black "Beyer, Hans Wilfried"]
[Site "Bad Sooden-Allendorf"]
[Round "4"]
[Result "1-0"]
[Date "2002.04.25"]
[WhiteElo "1609"]
[BlackElo "1450"]
[PlyCount "81"]
[EventDate "2002.04.??"]
[EventType "swiss"]
[EventRounds "9"]
[EventCountry "GER"]
[SourceTitle "EXT 2006"]
[Source "ChessBase"]
[SourceDate "2005.11.24"]
[SourceVersion "1"]
[SourceVersionDate "2005.11.24"]
[SourceQuality "1"]

1. d4 d5 2. Nf3 c6 3. c4 e6 4. cxd5 cxd5 5. Nc3 f5 6. Bf4 a6 7. e3 Bd6 8. Ne5 Nf6 9. Rc1 0-0 10. Bd3 Nc6 11. Nxc6 bxc6 12. Bxd6 Qxd6 13. h3 Bb7 14. 0-0 Nd7 15. Qh5 Rf6 16. Na4 Rh6 17. Qe2 Qf8 18. f3 Qe8 19. e4 f4 20. e5 Qd8 21. Qd2 Rh4 22. Qb4 Rb8 23. Qd6 Rh6 24. Rc2 Kf7 25. Rfc1 Rc8 26. Qb4 Rb8 27. Qa3 Ke8 28. b3 Rc8 29. Nc5 Nxc5 30. Rxc5 Rxh3 31. gxh3 Qh4 32. Bf1 Qe7 33. Qb2 g5 34. Qh2 Kd7 35. R1c2 h6 36. Qg2 Qf7 37. Ra5 Ra8 38. b4 Qg8 39. Qg4 Qg6 40. Rac5 h5 41. Qg2 1-0

[Event "Bad Sooden-Allendorf Seniors op 14th"]
[White "Deerberg, Werner"]
[Black "Beyer, Hans Wilfried"]
[Site "Bad Sooden-Allendorf"]
[Round "2"]
[Result "0-1"]
[Date "2002.04.23"]
[WhiteElo "1683"]
[BlackElo "1450"]
[PlyCount "115"]
[EventDate "2002.04.??"]
[EventType "swiss"]
[EventRounds "9"]
[EventCountry "GER"]
[SourceTitle "EXT 2006"]
[Source "ChessBase"]
[SourceDate "2005.11.24"]
[SourceVersion "1"]
[SourceVersionDate "2005.11.24"]
[SourceQuality "1"]

1. e4 e5 2. Nf3 Nc6 3. Bc4 Nf6 4. d4 d5 5. exd5 Na5 6. Qe2 Nxc4 7. Qxc4 Nxd5 8. Nxe5 Be6 9. Qe2 c6 10. 0-0 Be7 11. b3 0-0 12. c4 Nf6 13. Bb2 Qc7 14. Nd2 Rad8 15. Ndf3 h6 16. Rfc1 Qb8 17. Ng6 Rfe8 18. Nxe7+ Rxe7 19. Ne5 Rde8 20. Qf3 Nd7 21. Re1 Nxe5 22. dxe5 Rd7 23. Qg3 Red8 24. Bc1 Kh7 25. f4 Rd3 26. Qf2 Rd1 27. Qc2+ R1d3 28. Qe2 Qc8 29. h3 Bxh3 30. Be3 Bg4 31. Qf2 a6 32. Bb6 R8d7 33. f5 Qe8 34. Qf4 h5 35. Qe4 Kg8 36. Qf4 Kh7 37. Bc5 g6 38. f6 Qe6 39. Be3 Rxe3 40. Qxe3 Qe8 41. Rf1 Qe6 42. Rf4 Bf5 43. Rd4 Rxd4 44. Qxd4 Bg4 45. Qd6 Kh6 46. Rf1 Bf5 47. Re1 Bg4 48. c5 Bf5 49. Rd1 Bg4 50. Qe7 Bxd1 51. Qxb7 Be2 52. Qe7 Bd3 53. Kh2 Be4 54. g3 Bd5 55. Qxe6 Bxe6 56. Kg2 Kg5 57. Kf3 Kf5 58. Ke3 0-1